000 00609nam a22001817a 4500
003 OSt
005 20151030105820.0
008 141029b xxu||||| |||| 00| 0 eng d
040 _cBCRI
_aBCRI
082 _a780.37152
100 1 _aRosales y Rosales, Vicente
_927119
245 1 0 _aEl bosque de Apolo y otros poemas
_cVicente Rosales y Rosales
260 _aSan Salvador
_bMinisterio de Educación, Dirección de Cultura, Dirección de Publicaciones
_c1997
300 _a112 p
_c21.5 cm
650 2 4 _aMúsica
_919444
_vLibros de texto
650 2 4 _aMúsica tradicional
_927780
942 _2ddc
_cBK
_hprozim
999 _c23315
_d23315